Country Borders - Statistics

General Stats
  • This quiz has been taken 11 times
  • The average score is 41 of 54
Answer Stats
Question Tile Select % Correct
Mexico 1 No
100%
Mexico 4 No
100%
Mexico 5 No
100%
Mexico 6 No
100%
Mexico 7 No
100%
Mexico 8 No
100%
Mexico 9 No
100%
France (not including overseas territories) 1 No
89%
France (not including overseas territories) 2 No
89%
France (not including overseas territories) 3 No
89%
France (not including overseas territories) 4 No
89%
Guinea 1 No
78%
Guyana 1 No
78%
Mexico 2 No
78%
Guinea 2 No
78%
Timor-Leste 2 No
78%
Guyana 2 No
78%
Mexico 3 Yes
78%
Timor-Leste 3 No
78%
Guyana 3 Yes
78%
Tunisia 4 No
78%
Timor-Leste 4 No
78%
Guyana 4 No
78%
Tunisia 5 No
78%
Timor-Leste 5 No
78%
Guyana 5 No
78%
Tunisia 6 No
78%
Guyana 6 No
78%
Guinea 7 No
78%
France (not including overseas territories) 7 No
78%
Tunisia 7 No
78%
Timor-Leste 7 No
78%
Guyana 7 No
78%
Guinea 8 No
78%
Tunisia 8 No
78%
Timor-Leste 8 No
78%
Guyana 8 No
78%
Guinea 9 No
78%
France (not including overseas territories) 9 No
78%
Tunisia 9 No
78%
Timor-Leste 9 No
78%
Guyana 9 No
78%
Timor-Leste 1 Yes
67%
Tunisia 3 No
67%
Guinea 5 No
67%
France (not including overseas territories) 5 No
67%
France (not including overseas territories) 6 No
67%
Timor-Leste 6 No
67%
Tunisia 1 No
56%
Guinea 4 No
56%
Tunisia 2 Yes
44%
Guinea 3 No
44%
France (not including overseas territories) 8 Yes
22%
Guinea 6 Yes
11%
No matching quizzes found
Score Distribution
Percent of People with Each Score
Percentile by Number Answered
Your Score History
You have not taken this quiz